=LDR 00000nam 2200000 4500 =001 INLIS000000000017750 =005 20130612112953 =008 ***********************************Ind** =035 ##$$0010-061300000017750 =041 ##$$a Ind =082 ##$$a 616.98 =090 ##$$a 616.98, Har b =100 ##$$a Harrington, J.M =245 ##$$a Buku saku kesehatan kerja, J.M Harrington =260 ##$$a 2003 $b Jakarta =300 ##$$a vii, 317 hlm, 21 cm =650 ##$$a Kesehatan Kerja =850 ##$$a NBPNMAT